|
|
|
|
| LEADER |
00000nab a2200000 a 4500 |
| 001 |
vtls000276482 |
| 003 |
SK-MaSNL |
| 005 |
20260304013913.0 |
| 008 |
241209c1987 xo 0 slo |
| 015 |
|
|
|a SNBRB19rr/mm-uuuuu
|
| 035 |
|
|
|a CL0286596
|
| 040 |
|
|
|a SNKBUCL
|b slo
|c SNKBUCL
|e AACR2
|
| 041 |
0 |
|
|a slo
|
| 044 |
|
|
|a xo
|c SK
|
| 080 |
|
|
|a 885.4-1(087.5)
|2 1981
|
| 100 |
1 |
|
|a Navrátil, Ján,
|d 1935-2024
|4 aut
|9 13840
|
| 245 |
1 |
0 |
|a Pri Dunaji, pri Vltave
|c Ján Navrátil
|
| 500 |
|
|
|a Názvy jednotlivých básní: Most SNP, Banská Bystrica, Pozdrav z Lidíc, Bratislavský rybár, Pieseň Váhu, Pri Vltave.
|
| 655 |
|
7 |
|a slovenská poézia
|2 snkbucl
|9 70444
|
| 655 |
|
7 |
|a články z novín a časopisov
|2 snkbucl
|9 267496
|
| 655 |
|
7 |
|a články z odboru literárna veda a krásna literatúra
|2 snkbucl
|9 770045
|
| 773 |
0 |
|
|t Slniečko
|g Roč. 19, č. 9 (1987), s. 12-13
|
| 850 |
|
|
|a Slovenská národná knižnica
|
| 852 |
|
|
|a Slovenská národná knižnica
|
| 958 |
|
|
|a RK
|
| 958 |
|
|
|a LX
|
| 992 |
|
|
|a RBX
|
| 999 |
|
|
|c 2579255
|d 2581185
|